[Event "Druzynowe Mistrzostw Polski Juniorow - II Liga"]
[Site "Wroclaw"]
[Date "1899-12-30"]
[Round "3.91"]
[White "Piechota, Kamil"]
[Black "Lichorad, Mateusz"]
[Result "1/2-1/2"]
[WhiteTitle "I"]
[BlackTitle "I+"]
[WhiteElo "1728"]
[BlackElo "1983"]

1. e4 c5 2. Nf3 d6 3. c3 Nf6 4. Qc2 Nc6 5. Bb5 Bd7 6. O-O e6 7. Re1 Be7 8. d4 cxd4
9. Nxd4 Nxd4 10. Bxd7+ Qxd7 11. cxd4 Rc8 12. Qd3 O-O 13. Nc3 Bd8 14. Qg3 Kh8 15.
Bg5 Ng8 16. Bf4 Bc7 17. Re3 Ne7 18. a4 Ng6 19. Nb5 e5 20. dxe5 dxe5 21. Rd3 Qc6
22. Be3 Qxe4 23. Bc5 Rfe8 24. Qe3 Qxe3 25. Bxe3 a6 26. Na7 Rcd8 27. Rb3 Rb8 28.
Rd1 Nf8 29. Rc1 Ne6 30. Rbc3 Re7 31. b4 h6 32. b5 Ba5 33. Rb3 Nd4 34. Bxd4 exd4
35. bxa6 Rbe8 36. Rbb1 bxa6 37. Nc6 Re1+ 38. Rxe1 Rxe1+ 39. Rxe1 Bxe1 40. Nxd4
1/2-1/2

[Event "Druzynowe Mistrzostw Polski Juniorow - II Liga"]
[Site "Wroclaw"]
[Date "1899-12-30"]
[Round "3.92"]
[White "Mosny, Kamil"]
[Black "Zimny, Karol"]
[Result "1-0"]
[WhiteTitle "I"]
[BlackTitle "II"]
[WhiteElo "1730"]
[BlackElo "1224"]

1. d4 Nf6 2. c4 e6 3. Nc3 Bb4 4. f3 c5 5. d5 b5 6. e4 d6 7. Nge2 bxc4 8. Nf4 exd5
9. Nfxd5 Bb7 10. Bxc4 O-O 11. O-O Bxc3 12. bxc3 Nbd7 13. Rb1 Bxd5 14. Bxd5 Rb8
15. Rxb8 Qxb8 16. Bb3 Qb6 17. c4 a5 18. Rf2 Rb8 19. Rd2 Ne8 20. Rd5 Ne5 21. f4
Nc6 22. Be3 Nb4 23. Rd2 f6 24. Ba4 Nc6 25. Qh5 Qb1+ 26. Kf2 Ne7 27. Bxe8 g6 28.
Qd1 Qxe4 29. Ba4 Nf5 30. Qf3 Qe7 31. g4 1-0

[Event "Druzynowe Mistrzostw Polski Juniorow - II Liga"]
[Site "Wroclaw"]
[Date "1899-12-30"]
[Round "3.93"]
[White "Kordowski, Lukasz"]
[Black "Smolinski, Wojciech"]
[Result "0-1"]
[WhiteTitle "III"]
[BlackTitle "II"]
[WhiteElo "1102"]
[BlackElo "1278"]

1. d4 Nf6 2. c4 g6 3. Nc3 d5 4. Bf4 Bg7 5. Nf3 O-O 6. e3 c5 7. Qb3 dxc4 8. Bxc4
cxd4 9. exd4 Nc6 10. O-O Nxd4 11. Nxd4 Qxd4 12. Be3 Qd7 13. Rad1 Qc6 14. Bb5 Qc7
15. f3 Be6 16. Qb4 Rfd8 17. Rc1 Qe5 18. Rfe1 Qh5 19. Be2 Rd7 20. g4 Qh3 21. Red1
Rad8 22. Rxd7 Rxd7 23. Rd1 Nxg4 24. Bf4 Ne5 25. Bg3 Nc6 26. Qa4 Nd4 27. Kf2 a6
28. Bf1 Qf5 29. f4 Qc5 30. Ne4 Qb6 0-1

[Event "Druzynowe Mistrzostw Polski Juniorow - II Liga"]
[Site "Wroclaw"]
[Date "1899-12-30"]
[Round "3.94"]
[White "Fronczek, Michal"]
[Black "Furas, Pawel"]
[Result "1-0"]
[WhiteTitle "III"]
[BlackTitle "III"]
[WhiteElo "1092"]
[BlackElo "1052"]

1. e4 c5 2. Nf3 d6 3. g3 Nc6 4. Bg2 Bd7 5. d3 Qc7 6. Be3 O-O-O 7. Nc3 Nf6 8. Qd2
e5 9. O-O-O Be6 10. Ng5 h6 11. Nxe6 fxe6 12. Bh3 Qf7 13. f4 Kb8 14. fxe5 Nxe5
15. Rhf1 g5 16. d4 cxd4 17. Bxd4 Be7 18. Qe3 g4 19. Bxe5 dxe5 20. Nb5 Rxd1+ 21.
Rxd1 b6 22. Qc3 Rc8 23. Qxe5+ Kb7 24. Bg2 Rc5 25. Nd6+ Bxd6 26. Qxd6 e5 27. b3
h5 28. Rf1 Rc6 29. Qxe5 Qg6 30. Qf5 Qh6+ 31. Qf4 1-0

[Event "Druzynowe Mistrzostw Polski Juniorow - II Liga"]
[Site "Wroclaw"]
[Date "1899-12-30"]
[Round "3.95"]
[White "Czerwinska, Oliwia"]
[Black "Trybus, Dominika"]
[Result "0-1"]
[WhiteTitle "I"]
[BlackTitle "I++"]
[WhiteElo "1435"]
[BlackElo "1532"]

1. Nf3 Nf6 2. b3 g6 3. Bb2 Bg7 4. e3 d6 5. d4 Nbd7 6. c4 c5 7. d5 O-O 8. Nc3 Nb6
9. Qc2 e6 10. dxe6 fxe6 11. Bd3 d5 12. cxd5 exd5 13. O-O Bg4 14. Nd2 Nfd7 15.
f3 Be6 16. Qd1 Qg5 17. f4 Qe7 18. Qe2 Rae8 19. Rae1 Nc8 20. Nd1 Nf6 21. Nf3 Bg4
22. h3 Bxf3 23. Qxf3 Rd8 24. Re2 a6 25. a4 Na7 26. Rc2 b5 27. axb5 axb5 28. Nf2
c4 29. bxc4 dxc4 30. Be2 Nd5 31. Bxg7 Kxg7 32. Ng4 Qc5 33. Qf2 Rde8 34. Rfc1 h5
35. Nh2 Qxe3 36. Qxe3 Nxe3 37. Ra2 Re7 38. g3 Nc6 39. Rb2 Nd4 40. Nf3 Nef5 41.
Nxd4 Nxd4 42. Bf1 Rfe8 43. Kf2 Re3 44. Rbb1 Rf3+ 45. Kg2 Ree3 46. Rd1 Rxg3+ 47.
Kh1 Re4 48. Kh2 Rge3 49. Bg2 Rxf4 50. Re1 Rxe1 51. Rxe1 b4 52. Rb1 b3 53. Bd5
Nc2 54. Kg3 g5 55. Rb2 h4+ 56. Kh2 Ne3 57. Bc6 Kf6 58. Ba4 c3 59. Rxb3 Rxa4 60.
Rxc3 Ra2+ 61. Kg1 Nf5 62. Rf3 Ke5 63. Rc3 Kd4 64. Rb3 Ng3 65. Rf3 Ra1+ 66. Kg2
Ke4 67. Rb3 Ra2+ 68. Kg1 Kf4 69. Rd3 Nf5 70. Rb3 Ne3 71. Rd3 Re2 72. Rb3 Kg3 73.
Rb1 Kxh3 74. Ra1 g4 0-1

[Event "Druzynowe Mistrzostw Polski Juniorow - II Liga"]
[Site "Wroclaw"]
[Date "1899-12-30"]
[Round "3.96"]
[White "Zylak, Emilia"]
[Black "Figa, Karolina"]
[Result "0-1"]
[WhiteTitle "III"]
[BlackTitle "I+"]
[WhiteElo "1000"]
[BlackElo "1352"]

1. e4 c6 2. d4 d5 3. Nc3 dxe4 4. Nxe4 Nd7 5. Nf3 Ngf6 6. Nxf6+ Nxf6 7. Bd3 Bg4
8. c3 e6 9. h3 Bh5 10. Bg5 Bd6 11. O-O h6 12. Bh4 Qc7 13. Bxf6 gxf6 14. Re1 Rg8
15. Kh1 Be7 16. Be2 O-O-O 17. Qd2 Bg6 18. Qxh6 Rh8 19. Qe3 Bd6 20. Bd3 Bf4 21.
Qe2 Rdg8 22. Bxg6 Rxg6 23. Rad1 Qa5 24. a3 Qh5 25. Ng1 Qg5 26. Qf3 Rh4 27. g3
Bxg3 28. fxg3 Rh8 29. Rd3 Qb5 30. Qe2 Re8 31. Re3 Qd5+ 32. Qf3 Qd6 33. Qf4 Qd5+
34. Kh2 Rh8 35. Qf3 Qd7 36. Re4 f5 37. R4e3 Rhg8 38. Qf4 Rh8 39. Qe5 Rgh6 40.
b4 f4 41. Qxf4 e5 42. Qf1 exd4 43. cxd4 Rd8 44. Rd3 Rd6 45. Red1 b6 46. Qf4 Kb7
47. Rf1 f6 48. Qf2 Re6 49. Qf5 Qd6 50. h4 Rh8 51. Qg6 Rxh4+ 52. Kg2 Qd5+ 53. Rdf3
Rhe4 54. Rxf6 Rg4+ 55. Kh3 Rxg6 56. Rf7+ Ka6 57. R7f4 Qh1# 0-1

[Event "Druzynowe Mistrzostw Polski Juniorow - II Liga"]
[Site "Wroclaw"]
[Date "1899-12-30"]
[Round "4.1"]
[White "Borowik, Wojciech"]
[Black "Dziendziel, Mateusz"]
[Result "1/2-1/2"]
[WhiteTitle "I++"]
[BlackTitle "I"]
[WhiteElo "1746"]
[BlackElo "1884"]

1. d4 d5 2. c4 c6 3. Nf3 Nf6 4. e3 e6 5. b3 Ne4 6. Nbd2 Nd7 7. Bd3 f5 8. O-O Bd6
9. Bb2 Qf6 10. Ne1 O-O 11. f4 g5 12. g3 Nxd2 13. Qxd2 g4 14. c5 Bc7 15. Nc2 a5
16. a4 Nxc5 17. Rab1 Nxd3 18. Qxd3 Bd6 19. Rfc1 b6 20. Ne1 Ba6 21. Qd2 Rfc8 22.
Nd3 Bxd3 23. Qxd3 h5 24. Rc2 Qe7 25. h4 Qb7 26. Rbc1 Rc7 27. Kf1 Kf7 28. Ke2 Rac8
29. Kd1 Be7 30. Qe2 Ke8 31. Qd3 Kd7 32. Qe2 Ra8 33. Qd3 Qa6 34. Ke2 Qxd3+ 35.
Kxd3 Rac8 36. Ke2 Ra8 37. Kd3 Rac8 1/2-1/2

[Event "Druzynowe Mistrzostw Polski Juniorow - II Liga"]
[Site "Wroclaw"]
[Date "1899-12-30"]
[Round "4.2"]
[White "Bala, Bartosz"]
[Black "Borowik, Karol"]
[Result "1/2-1/2"]
[WhiteTitle "II"]
[BlackTitle "II"]
[WhiteElo "1329"]
[BlackElo "1412"]

1. e4 c5 2. Nf3 g6 3. d4 cxd4 4. Nxd4 Nc6 5. c4 Nf6 6. Nc3 d6 7. f3 Nxd4 8. Qxd4
Bg7 9. Be3 O-O 10. Qd2 Be6 11. Be2 Qa5 12. O-O Rfc8 13. b3 a6 14. Rac1 b5 15.
Nd5 Qxd2 16. Bxd2 Nxd5 17. cxd5 Bd4+ 18. Kh1 Bd7 19. Rxc8+ Rxc8 20. Rc1 Rxc1+
21. Bxc1 f6 22. g3 Kf7 23. Kg2 e6 24. dxe6+ Kxe6 25. a4 bxa4 26. Bc4+ Ke7 27.
bxa4 Bxa4 28. Bxa6 Bb3 29. Bb7 Ke6 30. Bc8+ Ke7 31. Bb7 1/2-1/2

[Event "Druzynowe Mistrzostw Polski Juniorow - II Liga"]
[Site "Wroclaw"]
[Date "1899-12-30"]
[Round "4.3"]
[White "Bartnik, Michal"]
[Black "Lecki, Leonard"]
[Result "1/2-1/2"]
[WhiteTitle "II+"]
[BlackTitle "I"]
[WhiteElo "1591"]
[BlackElo "1612"]

1. d4 d5 2. c4 c6 3. Nf3 Nf6 4. e3 e6 5. Bd3 dxc4 6. Bxc4 b5 7. Bd3 Nbd7 8. O-O
Bb7 9. b3 a6 10. Bb2 c5 11. Nbd2 Be7 12. Rc1 O-O 13. Re1 cxd4 14. Nxd4 Qb6 15.
Qe2 Rfd8 16. Bb1 Nc5 17. N2f3 Rac8 18. Red1 h6 19. Ne5 Ncd7 20. Ndf3 Nxe5 21.
Nxe5 Rxc1 22. Rxc1 Qd6 23. Bd4 Qd5 24. f4 Rc8 25. Rxc8+ Bxc8 26. Qf3 Bb7 27. Qxd5
Bxd5 28. Bd3 Bd6 29. h3 Ne4 30. Nd7 Bc6 31. Ne5 Bd5 32. Nd7 Bc6 33. Ne5 Bd5 1/2-1/2

[Event "Druzynowe Mistrzostw Polski Juniorow - II Liga"]
[Site "Wroclaw"]
[Date "1899-12-30"]
[Round "4.4"]
[White "Radzimski, Antoni"]
[Black "Wawrukiewicz, Szymon"]
[Result "1-0"]
[WhiteTitle "I"]
[BlackTitle "II"]
[WhiteElo "1627"]
[BlackElo "1307"]

1. e4 e5 2. Nf3 Nc6 3. Bb5 a6 4. Ba4 b5 5. Bb3 Nf6 6. Ng5 d5 7. exd5 Nd4 8. d3
Nxb3 9. axb3 Qxd5 10. O-O h6 11. Ne4 Nxe4 12. dxe4 Qxd1 13. Rxd1 Bb7 14. Nc3 Bd6
15. Be3 O-O 16. Nd5 Rad8 17. c4 c6 18. c5 Bb8 19. Ne7+ Kh7 20. Nf5 f6 21. Nd6
Bxd6 22. cxd6 Rf7 23. Bc5 Rfd7 24. Kf1 Kg6 25. Ke2 Kf7 26. Rd3 Ra8 27. b4 Re8
28. Ke3 Ra8 29. g3 Re8 30. f4 Kg6 31. Kf3 Kh5 32. f5 g5 33. g4+ Kh4 34. h3 h5
35. Bf2+ Kxh3 36. Rh1# 1-0

[Event "Druzynowe Mistrzostw Polski Juniorow - II Liga"]
[Site "Wroclaw"]
[Date "1899-12-30"]
[Round "4.5"]
[White "Gladyszewska, Kinga"]
[Black "Obrochta, Lena"]
[Result "0-1"]
[WhiteTitle "I"]
[BlackTitle "I++"]
[WhiteElo "1225"]
[BlackElo "1690"]

1. e4 c5 2. Nf3 e6 3. d4 cxd4 4. Nxd4 a6 5. c4 Nf6 6. Bd3 Qc7 7. O-O d6 8. Nc3
Nbd7 9. Be3 b6 10. Rc1 Bb7 11. f3 Be7 12. Qd2 O-O 13. b3 Rfe8 14. g4 g6 15. Kh1
Rac8 16. Rg1 Qb8 17. Bh6 Qa8 18. Be2 Ne5 19. h3 d5 20. exd5 exd5 21. Qf4 Ned7
22. cxd5 Nxd5 23. Nxd5 Bxd5 24. Kg2 Bc5 25. Bc4 Bxd4 26. Qxd4 Bxf3+ 27. Kf2 Ne5
28. Rge1 Bxg4 29. hxg4 Qf3+ 30. Kg1 Qg3+ 31. Kh1 Qh3+ 32. Kg1 Qxh6 33. Qf2 Nxc4
34. Rxe8+ Rxe8 35. Rxc4 Qg5 36. Qxb6 Re1+ 37. Kg2 Qd2+ 38. Kg3 Re3+ 39. Kf4 Re6+
0-1

[Event "Druzynowe Mistrzostw Polski Juniorow - II Liga"]
[Site "Wroclaw"]
[Date "1899-12-30"]
[Round "4.6"]
[White "Salamon, Julia"]
[Black "Borowik, Monika"]
[Result "1-0"]
[WhiteTitle "I++"]
[BlackTitle "I"]
[WhiteElo "1465"]
[BlackElo "1380"]

1. d4 Nf6 2. c4 g6 3. Nc3 Bg7 4. e4 d6 5. Be2 O-O 6. Nf3 e5 7. dxe5 dxe5 8. Qxd8
Rxd8 9. Bg5 Re8 10. Nd5 Nxd5 11. cxd5 f6 12. Be3 Bf8 13. O-O Bd7 14. Rac1 Bd6
15. h3 a5 16. Rfd1 Na6 17. Nd2 Rec8 18. Nc4 Nc5 19. Nxe5 Bxe5 20. Bxc5 Bxb2 21.
Rb1 b6 22. Bxb6 Ba4 23. Rf1 cxb6 24. Rxb2 Bc2 25. f3 Rab8 26. Bb5 Rc5 27. Be2
Rcc8 28. Bb5 Rc5 1-0

[Event "Druzynowe Mistrzostw Polski Juniorow - II Liga"]
[Site "Wroclaw"]
[Date "1899-12-30"]
[Round "4.7"]
[White "Kaliszuk, Kamil"]
[Black "Malik, Maciej"]
[Result "1-0"]
[WhiteTitle "k"]
[BlackTitle "I++"]
[WhiteElo "2088"]
[BlackElo "1984"]

1. d4 g6 2. c4 Bg7 3. Nc3 d6 4. e4 e5 5. Nf3 Bg4 6. dxe5 Bxf3 7. Qxf3 dxe5 8. c5
c6 9. Bc4 Nf6 10. Be3 Qe7 11. a3 Nbd7 12. b4 a5 13. Rb1 axb4 14. axb4 Ra3 15.
Bb3 O-O 16. O-O Rd8 17. Qe2 Nh5 18. g3 Nf8 19. Na4 Qf6 20. Qb2 Rxb3 21. Qxb3 Qf3
22. Rfd1 Rxd1+ 23. Qxd1 Qxe4 24. Nc3 Qc4 25. Qb3 Qd3 26. Rd1 Qf5 27. Qc4 Nf6 28.
b5 h5 29. bxc6 bxc6 30. Rd8 Ng4 31. Qe4 Qe6 32. Rd6 Qb3 33. Qd3 Ne6 34. Ne4 Qb4
35. Bd2 Qa4 36. h3 Nf6 37. Nxf6+ Bxf6 38. Rxe6 Qd1+ 39. Kg2 fxe6 40. Qxg6+ Bg7
41. Bh6 Qd5+ 42. Kg1 Qd1+ 43. Kg2 Qd5+ 44. Kh2 Qd7 45. Bxg7 Qxg7 46. Qxe6+ Qf7
47. Qxf7+ Kxf7 48. g4 hxg4 49. hxg4 Ke6 50. Kg3 Kd5 51. g5 Kxc5 52. g6 Kb4 53.
g7 c5 54. g8=Q c4 55. Kf3 c3 56. Qa2 1-0

[Event "Druzynowe Mistrzostw Polski Juniorow - II Liga"]
[Site "Wroclaw"]
[Date "1899-12-30"]
[Round "4.8"]
[White "Karut, Kacper"]
[Black "Czernecki, Andrzej"]
[Result "1-0"]
[WhiteTitle "I"]
[BlackTitle "I"]
[WhiteElo "1835"]
[BlackElo "1876"]

1. e4 c5 2. Nf3 d6 3. d4 cxd4 4. Nxd4 Nf6 5. Nc3 Nc6 6. Be3 Ng4 7. Bb5 Nxe3 8.
fxe3 Bd7 9. O-O Ne5 10. Nf3 Bxb5 11. Nxb5 e6 12. Nxe5 dxe5 13. Qh5 Qe7 14. Rad1
Rd8 15. Rxd8+ Kxd8 16. Rd1+ Kc8 17. Nxa7+ Kc7 18. Qxe5+ Kb8 19. Nb5+ 1-0

[Event "Druzynowe Mistrzostw Polski Juniorow - II Liga"]
[Site "Wroclaw"]
[Date "1899-12-30"]
[Round "4.9"]
[White "Wandor, Adam"]
[Black "Pycinski, Wladyslaw"]
[Result "0-1"]
[WhiteTitle "II"]
[BlackTitle "I"]
[WhiteElo "1571"]
[BlackElo "1701"]

1. e4 c5 2. Nf3 g6 3. c3 d5 4. exd5 Qxd5 5. d4 Bg7 6. Na3 cxd4 7. Bc4 Qe4+ 8. Be3
Nh6 9. Nb5 O-O 10. cxd4 Nc6 11. Nc3 Qg4 12. O-O Qh5 13. Be2 Qa5 14. Qb3 Nf5 15.
Rad1 Qb4 16. Qxb4 Nxb4 17. Bd3 Nxd3 18. Rxd3 b6 19. Rfd1 Ba6 20. R3d2 Rfd8 21.
h3 Rac8 22. Ne2 e6 23. Rc1 Rxc1+ 24. Nxc1 Rc8 25. Ne2 Nd6 26. Ng3 Rc1+ 27. Kh2
Nc4 28. Re2 Ra1 29. Bf4 Rxa2 30. b3 Rxe2 31. Nxe2 Na5 32. Nc1 Nc6 33. Be3 Kf8
34. Kg3 Ke7 35. Kf4 Bh6+ 36. Kg4 Bg7 37. Kf4 h6 38. h4 Kd6 39. g4 Ne7 40. Ne5
Nd5+ 41. Ke4 Nxe3 42. fxe3 Bb7+ 43. Kf4 g5+ 44. hxg5 hxg5+ 45. Kxg5 Bxe5 46. dxe5+
Kxe5 47. Ne2 Ke4 48. Nc3+ Kxe3 49. Kf6 Bd5 50. b4 Kf4 51. g5 Bc4 52. g6 fxg6 53.
Kxg6 e5 54. Kf6 e4 55. Ke7 e3 56. Kd6 e2 57. Nxe2+ Bxe2 58. Kc6 b5 59. Kb7 a5
60. bxa5 b4 0-1

[Event "Druzynowe Mistrzostw Polski Juniorow - II Liga"]
[Site "Wroclaw"]
[Date "1899-12-30"]
[Round "4.10"]
[White "Tim, Wojciech"]
[Black "Osinski, Maksymilian"]
[Result "0-1"]
[WhiteTitle "II"]
[BlackTitle "II"]
[WhiteElo "1300"]
[BlackElo "1329"]

1. e4 e6 2. d4 d5 3. Nd2 c5 4. Ngf3 cxd4 5. exd5 Qxd5 6. Bc4 Qd6 7. O-O Nf6 8.
Nb3 Nc6 9. Nbxd4 Nxd4 10. Nxd4 a6 11. c3 Qc7 12. Qe2 Bd6 13. h3 O-O 14. Bg5 b5
15. Bd3 Bb7 16. Rad1 Rad8 17. Bxf6 gxf6 18. Qh5 f5 19. Qg5+ Kh8 20. Qf6+ Kg8 21.
Rfe1 Be7 22. Qh6 Rd6 23. Qe3 Bf6 24. Bb1 Kh8 25. Qh6 Bg7 26. Qe3 Rg8 27. Nf3 Bd5
28. Rc1 Qb7 29. Kh2 Qc7 30. Kg1 Qb7 31. Kh2 Qc7 32. Kg1 Qc6 33. Kh2 Bxf3 34. gxf3
e5 35. Bxf5 Bh6 36. Qxe5+ f6 37. Qe4 Qxe4 38. fxe4 Bxc1 39. Rxc1 Rd2 40. Rb1 Rxf2+
41. Kh1 Rgg2 42. Rd1 Rd2 43. Re1 Rxb2 44. Rd1 Rgd2 0-1

[Event "Druzynowe Mistrzostw Polski Juniorow - II Liga"]
[Site "Wroclaw"]
[Date "1899-12-30"]
[Round "4.11"]
[White "Egeman, Emilia"]
[Black "Tim, Anna"]
[Result "1/2-1/2"]
[WhiteTitle "I++"]
[BlackTitle "I"]
[WhiteElo "1852"]
[BlackElo "1159"]

1. e4 e6 2. d4 d5 3. Nd2 c5 4. exd5 exd5 5. dxc5 Bxc5 6. Bd3 h6 7. Ngf3 Bg4 8.
O-O Ne7 9. Nb3 Bd6 10. h3 Be6 11. Re1 O-O 12. Nbd4 Bd7 13. c3 Nbc6 14. Bd2 Nxd4
15. Nxd4 Bc5 16. Nf3 Qb6 17. Re2 Ng6 18. Qc2 Rfe8 19. Rae1 Qf6 20. Qb3 Rxe2 21.
Rxe2 Bc6 22. Bxg6 Qxg6 23. Ne5 Qf6 24. Ng4 Qg6 25. Ne5 Qf6 26. Nd3 Bb6 27. Nf4
Rd8 28. Be3 Bxe3 29. fxe3 Qg5 30. Qd1 Re8 31. Qd4 a6 32. Qd1 Qg3 33. Qe1 Qg5 34.
Qd2 Qe5 35. Nd3 Qf5 36. Nc5 Qb1+ 37. Qe1 Qxa2 38. Rd2 Qc4 39. Nd3 Qe4 40. Nb4
Qxe3+ 41. Qxe3 Rxe3 42. Nxd5 Bxd5 43. Rxd5 Re2 44. Rd8+ Kh7 45. b4 Kg6 46. Rd7
b5 47. Rd6+ Re6 48. Rd3 f5 49. Kf2 Kf6 50. Rd8 Rc6 51. Rd3 g5 52. g3 f4 53. gxf4
gxf4 54. Kf3 Ke5 55. Ke2 Ke4 56. Rd4+ Kf5 57. Rd5+ Kg6 58. Rd3 Kg5 59. Kf3 Rf6
60. Rd5+ Kh4 61. Rc5 Rg6 62. Kxf4 Kxh3 63. Kf3 Rf6+ 64. Ke4 Kg4 65. Rc7 Re6+ 66.
Kd5 Rg6 67. c4 bxc4 68. Rxc4+ Kg5 69. Rc2 Rf6 70. Rg2+ Kf5 71. Rf2+ Kg6 72. Rg2+
Kf5 73. Rf2+ Kg6 74. Rg2+ Kf7 75. Kc5 h5 76. Rh2 Kg6 77. Rg2+ Kh6 78. Rh2 Rf4
79. Ra2 Rf6 80. Rh2 Rf4 81. Ra2 Rf5+ 82. Kc4 Rf4+ 83. Kc5 Rf6 84. Rh2 Kg5 85.
Rg2+ Kh4 86. Rg7 Kh3 87. Kc4 h4 88. Kb3 Kh2 89. Ka4 h3 90. Ka5 Kh1 91. Rg5 h2
92. Rg4 Rf2 93. Kxa6 Rg2 94. Rh4 Rg6+ 95. Ka5 Kg2 96. b5 h1=Q 97. Rxh1 Kxh1 98.
b6 Rg1 99. b7 Ra1+ 100. Kb6 Rb1+ 101. Kc7 Rc1+ 102. Kb6 1/2-1/2

[Event "Druzynowe Mistrzostw Polski Juniorow - II Liga"]
[Site "Wroclaw"]
[Date "1899-12-30"]
[Round "4.12"]
[White "Nieckarz, Maja"]
[Black "Kaminska, Zuzanna"]
[Result "0-1"]
[WhiteTitle "I"]
[BlackTitle "I"]
[WhiteElo "1432"]
[BlackElo "1201"]

1. e4 e5 2. Nf3 Nc6 3. d4 exd4 4. Nxd4 Bc5 5. Nb3 Bb6 6. Nc3 d6 7. f4 Nf6 8. h3
Qe7 9. Qf3 Be6 10. Bd2 Bxb3 11. axb3 Nd4 12. Qd3 Nxe4 13. Nxe4 f5 14. O-O-O fxe4
15. Qc3 O-O-O 16. Be3 Nf5 17. Bxb6 axb6 18. g4 Nh6 19. Re1 d5 20. Qd4 Rhf8 21.
f5 Rfe8 22. Bb5 c6 23. Bf1 Kc7 24. Rh2 Qe5 25. Qxe5+ Rxe5 26. Rf2 Rd6 27. Be2
e3 28. Rf3 d4 29. Bc4 b5 30. Be6 Rd8 31. b4 Ng8 32. c3 c5 33. Bxg8 Rxg8 34. bxc5
Rxc5 35. Kd1 dxc3 36. bxc3 Rxc3 37. Rfxe3 Rd8+ 38. Ke2 Rxe3+ 39. Kxe3 Re8+ 40.
Kd2 Rxe1 41. Kxe1 Kd6 42. h4 Ke5 43. Ke2 b4 44. Kd3 h5 45. f6 Kxf6 46. gxh5 Kf5
47. Kc4 Ke5 48. Kd4+ 0-1

[Event "Druzynowe Mistrzostw Polski Juniorow - II Liga"]
[Site "Wroclaw"]
[Date "1899-12-30"]
[Round "4.13"]
[White "Zarebska, Lena"]
[Black "Madajczak, Piotr"]
[Result "1-0"]
[WhiteTitle "k"]
[BlackTitle "I+"]
[WhiteElo "1805"]
[BlackElo "1925"]

1. e4 c6 2. d4 d5 3. e5 Bf5 4. c4 e6 5. Nc3 Bb4 6. Qb3 a5 7. a3 dxc4 8. Bxc4 Bxc3+
9. bxc3 Nd7 10. a4 Ne7 11. Ba3 b6 12. Ne2 O-O 13. Ng3 Bg6 14. h4 Re8 15. h5 Bf5
16. h6 g6 17. Bc1 Qc7 18. Nxf5 Nxf5 19. Kf1 c5 20. g4 Ne7 21. Rh3 Nf8 22. Rb1
cxd4 23. cxd4 Rac8 24. Ba6 Rb8 25. Ba3 Qa7 26. Bb5 Red8 27. Bd6 Rbc8 28. Bc4 Qb7
29. Qd3 Rxc4 30. Qxc4 Rc8 31. Qe2 Nd5 32. Qd2 Rc4 33. Kg1 Qc6 34. Qg5 Qc8 35.
Rf3 Nd7 36. Rb5 Rxd4 37. Kh2 Qe8 38. Rb2 Qa8 39. Kg3 Rd1 40. Rd2 Rxd2 41. Qxd2
Qc6 42. Rd3 Qc4 43. Rd4 Qb3+ 44. Kh2 Qf3 45. Rc4 Nc5 46. Bxc5 1-0

[Event "Druzynowe Mistrzostw Polski Juniorow - II Liga"]
[Site "Wroclaw"]
[Date "1899-12-30"]
[Round "4.14"]
[White "Demski, Michal"]
[Black "Sloniewska, Alicja"]
[Result "1/2-1/2"]
[WhiteTitle "I+"]
[BlackTitle "I++"]
[WhiteElo "1737"]
[BlackElo "1735"]

1. e4 c6 2. d3 d5 3. Nd2 e5 4. Ngf3 Bd6 5. g3 Nf6 6. Bg2 O-O 7. O-O dxe4 8. dxe4
b5 9. c3 Bb7 10. Qc2 c5 11. Rd1 Qc7 12. Nh4 c4 13. a4 a6 14. axb5 axb5 15. Rxa8
Bxa8 16. Nf5 Bc5 17. b4 Bb6 18. Nf1 Rd8 19. Rxd8+ Qxd8 20. Bg5 Nbd7 21. Qd2 Nf8
22. Qxd8 Bxd8 23. Bxf6 Bxf6 24. N1e3 Nd7 25. Nd6 Bc6 26. Nd5 Bd8 27. Nc8 Kf8 28.
Bh3 Nf6 29. Bg2 Ne8 30. Bh3 Nf6 31. Bg2 1/2-1/2

[Event "Druzynowe Mistrzostw Polski Juniorow - II Liga"]
[Site "Wroclaw"]
[Date "1899-12-30"]
[Round "4.16"]
[White "Stogiera, Aleksander"]
[Black "Mieszczankowski, Adam"]
[Result "0-1"]
[WhiteTitle "II"]
[BlackTitle "II"]
[WhiteElo "1092"]
[BlackElo "1044"]

1. e4 c5 2. Nf3 Nc6 3. d4 cxd4 4. Nxd4 g6 5. Nc3 Bg7 6. Be3 Nf6 7. Bc4 O-O 8. O-O
d6 9. Nxc6 bxc6 10. f4 Ng4 11. Re1 Nxe3 12. Rxe3 Qb6 13. Qd2 Bd4 14. Rae1 Bxe3+
15. Rxe3 Qxb2 16. Kh1 Be6 17. Bxe6 fxe6 18. Re1 Qb4 19. Rb1 Qc4 20. Rb7 Qf1# 0-1

[Event "Druzynowe Mistrzostw Polski Juniorow - II Liga"]
[Site "Wroclaw"]
[Date "1899-12-30"]
[Round "4.17"]
[White "Anyz, Monika"]
[Black "Jedrzejko, Martyna"]
[Result "1-0"]
[WhiteTitle "I++"]
[BlackTitle "I+"]
[WhiteElo "1792"]
[BlackElo "1533"]

1. e4 e6 2. d4 d5 3. e5 c5 4. dxc5 Nc6 5. Nf3 Bxc5 6. Bd3 Nge7 7. O-O Ng6 8. Re1
Qb6 9. Qe2 Bd7 10. c3 Qc7 11. b4 Bb6 12. Na3 a6 13. Bd2 O-O 14. Nc2 Rac8 15. Rac1
f6 16. Bxg6 hxg6 17. exf6 gxf6 18. Qd3 Kf7 19. Ne3 Rh8 20. h3 Bxe3 21. Bxe3 Ne7
22. Bc5 Bb5 23. Qe3 e5 24. Nd4 Bc4 25. a3 Rce8 26. Nf3 Nf5 27. Qd2 b6 28. Be3
Nxe3 29. Qxe3 g5 30. Nh2 Rh4 31. Ng4 Reh8 32. Qf3 Qd6 33. Nxe5+ Kg7 34. Ng4 Rf8
35. Qf5 Rhh8 36. Re6 Qd8 37. Rce1 Rf7 38. R6e3 Bb5 39. Rd1 Bc4 40. Nh2 Rh4 41.
Nf3 Rh8 42. Rde1 Bb5 43. Nd4 Qd7 44. Ne6+ Kh6 45. h4 gxh4 46. Rh3 1-0

[Event "Druzynowe Mistrzostw Polski Juniorow - II Liga"]
[Site "Wroclaw"]
[Date "1899-12-30"]
[Round "4.18"]
[White "Rzadkowska, Kaja"]
[Black "Zapalowska, Wiktoria"]
[Result "0-1"]
[WhiteTitle "I"]
[BlackTitle "I"]
[WhiteElo "1216"]
[BlackElo "1528"]

1. e4 c6 2. d4 d5 3. exd5 cxd5 4. c4 Nf6 5. Nc3 Nc6 6. Nf3 Bg4 7. Be2 e6 8. Be3
Be7 9. O-O O-O 10. h3 Bh5 11. Rc1 Rc8 12. a3 a6 13. Re1 dxc4 14. Bxc4 b5 15. Be2
Nd5 16. Ne4 Qb6 17. Qd2 Rfd8 18. Red1 Na5 19. Rxc8 Rxc8 20. Ne5 Bxe2 21. Qxe2
Nc4 22. Rc1 Nd6 23. Nc5 Rc7 24. Qh5 g6 25. Qg4 Nf5 26. Ned7 Qa7 27. Bg5 h5 28.
Qe4 Bxg5 29. Re1 Rxd7 30. Nxd7 Qxd7 31. Rd1 Bf6 32. Rd2 Qa7 33. Rd3 Bxd4 34. Rf3
Qc5 35. b4 Qc1+ 36. Kh2 Bg7 37. g4 Nd4 38. Rg3 h4 39. Rd3 Qf4+ 40. Qxf4 Nxf4 41.
Rc3 Be5 42. Re3 Nfe2+ 43. Kg2 Bf4 44. Rd3 Bc1 45. Kf1 e5 46. Rd1 Bxa3 47. Ra1
Bxb4 48. Rxa6 Nf4 49. Kg1 Nxh3+ 50. Kf1 Nf4 51. Ra8+ Kg7 52. Rb8 Nf3 53. g5 Nd4
54. Kg1 Bd6 55. Rd8 Be7 56. Rb8 Bxg5 57. Ra8 b4 58. Ra1 b3 59. Rb1 Nfe2+ 60. Kh1
Nc3 61. Re1 b2 62. Kg2 Bc1 63. Rxe5 b1=Q 64. Re7 h3+ 65. Kxh3 Qf5+ 66. Kh2 Bf4+
67. Kg2 Qg5+ 68. Kf1 Qxe7 69. f3 Qe2+ 70. Kg1 Nxf3+ 71. Kh1 Qh2# 0-1

[Event "Druzynowe Mistrzostw Polski Juniorow - II Liga"]
[Site "Wroclaw"]
[Date "1899-12-30"]
[Round "4.19"]
[White "Grzesik, Gracjan"]
[Black "Paprocki, Antoni"]
[Result "1/2-1/2"]
[WhiteTitle "k"]
[BlackTitle "I++"]
[WhiteElo "2218"]
[BlackElo "1981"]

1. c4 Nf6 2. Nc3 e6 3. e4 d5 4. cxd5 exd5 5. e5 Ne4 6. Nf3 Bf5 7. d3 Nxc3 8. bxc3
c5 9. d4 Nc6 10. Bd3 Bg4 11. O-O Be7 12. Be3 c4 13. Be2 b5 14. Ne1 Bxe2 15. Qxe2
O-O 16. f4 f5 17. Bd2 b4 18. Nc2 Rb8 19. Qf3 a5 20. Ne3 bxc3 21. Bxc3 Bb4 22.
Nxc4 Nxd4 23. Bxd4 dxc4 24. Rfd1 Qc7 1/2-1/2

[Event "Druzynowe Mistrzostw Polski Juniorow - II Liga"]
[Site "Wroclaw"]
[Date "1899-12-30"]
[Round "4.20"]
[White "Herka, Jakub"]
[Black "Bochniak, Franciszek"]
[Result "1-0"]
[WhiteTitle "I"]
[BlackTitle "I+"]
[WhiteElo "1433"]
[BlackElo "1664"]

1. d4 Nf6 2. c4 e6 3. g3 Bb4+ 4. Bd2 Be7 5. Nf3 O-O 6. Bg2 d5 7. O-O b6 8. cxd5
exd5 9. Nc3 Bb7 10. Rc1 Nbd7 11. Bg5 Ne4 12. Bf4 Nxc3 13. Rxc3 c5 14. dxc5 bxc5
15. Qb1 Nb6 16. Rd1 f5 17. h4 h6 18. Rc2 Qe8 19. b4 Rc8 20. bxc5 Rxc5 21. Nd4
1-0

[Event "Druzynowe Mistrzostw Polski Juniorow - II Liga"]
[Site "Wroclaw"]
[Date "1899-12-30"]
[Round "4.21"]
[White "Merecki, Antoni"]
[Black "Khimichenko, Dmytro"]
[Result "1-0"]
[WhiteTitle "II"]
[BlackTitle "II+"]
[WhiteElo "1543"]
[BlackElo "1412"]

1. e4 c5 2. c3 d5 3. exd5 Qxd5 4. d4 cxd4 5. cxd4 Nc6 6. Nf3 Nf6 7. Nc3 Qd8 8.
d5 Nb8 9. Bf4 a6 10. Rc1 e6 11. Bc4 exd5 12. Bxd5 Be7 13. O-O O-O 14. Qb3 Nbd7
15. Rfd1 Qb6 16. Qc4 Qb4 17. Qe2 Qxf4 18. Qxe7 h6 19. Ne2 Qa4 20. Bb3 Qa5 21.
Ng3 1-0

[Event "Druzynowe Mistrzostw Polski Juniorow - II Liga"]
[Site "Wroclaw"]
[Date "1899-12-30"]
[Round "4.22"]
[White "Pekala, Dawid"]
[Black "Sliz, Karol"]
[Result "1/2-1/2"]
[WhiteTitle "II"]
[BlackTitle "II+"]
[WhiteElo "1458"]
[BlackElo "1615"]

1. e4 c6 2. d4 d5 3. Nd2 dxe4 4. Nxe4 Nd7 5. Nf3 Ngf6 6. Nxf6+ Nxf6 7. h3 g6 8.
Bd3 Bg7 9. O-O O-O 10. Qe2 Qd6 11. c3 b6 12. Be3 Nd5 13. Rad1 Nf4 14. Bxf4 Qxf4
15. Ne5 1/2-1/2